[Event "2nd Tal Memorial IM 2019"]
[Site "Anogia"]
[Date "2019.09.17"]
[Round "7.3"]
[White "Grieve, Harry"]
[Black "Katopodis, Dimitrios"]
[Result "1/2-1/2"]
[WhiteElo "2277"]
[BlackElo "2265"]
[Annotator "ChessBase"]
[PlyCount "102"]
[EventDate "2019.09.11"]
[EventType "tourn"]
[EventCountry "GRE"]
[SourceTitle "playchess.com"]
[Source "ChessBase"]
[SourceQuality "1"]
[TimeControl "40/5400+30:1800+30"]

1. e4 {[%emt 0:00:00]} c6 {[%emt 0:02:41]} 2. d4 {[%emt 0:00:00]} d5 {[%emt 0:00:06]} 3. e5 {[%emt 0:00:00]} Bf5 {[%emt 0:00:19]} 4. h4 {[%emt 0:00:02]} h5 {[%emt 0:03:31]} 5. Bd3 {[%emt 0:00:22]} Bxd3 {[%emt 0:00:14]} 6. Qxd3 {[%emt 0:00:03]} e6 {[%emt 0:00:09]} 7. Bg5 {[%emt 0:00:08]} Qb6 {[%emt 0:05:28]} 8. Nd2 {[%emt 0:00:08]} Qa6 {[%emt 0:02:41]} 9. c4 {[%emt 0:00:36]} Bb4 {[%emt 0:04:52]} 10. b3 {[%emt 0:09:22]} Nd7 {[%emt 0:03:39]} 11. Ngf3 {[%emt 0:04:14]} Nb6 {[%emt 0:11:59]} 12. Ke2 {[%emt 0:11:57]} Nh6 {[%emt 0:10:02]} 13. Rhc1 {[%emt 0:10:59]} Nf5 {[%emt 0:05:07]} 14. Nf1 {[%emt 0:03:27]} Ba3 {[%emt 0:03:36]} 15. Rc2 {[%emt 0:01:35]} c5 {[%emt 0:02:37]} 16. Ne3 {[%emt 0:14:24]} Nxd4+ {[%emt 0:00:47]} 17. Nxd4 {[%emt 0:00:02]} cxd4 {[%emt 0:00:12]} 18. Qxd4 {[%emt 0:06:02]} Rc8 {[%emt 0:00:45]} 19. Rd1 {[%emt 0:02:46]} O-O {[%emt 0:02:34]} 20. Qd3 {[%emt 0:01:08]} Bc5 {[%emt 0:07:51]} 21. cxd5 {[%emt 0:07:18]} Bxe3 {[%emt 0:00:33]} 22. Rc3 {[%emt 0:00:39]} Rc7 23. Rxc7 {[%emt 0:00:30]} Qb5 {[%emt 0:01:21]} 24. Rc8 Qxd3+ {[%emt 0:00:59]} 25. Kxd3 {[%emt 0:07:26]} Rxc8 {[%emt 0:00:15]} 26. Bxe3 {[%emt 0:00:18]} Nxd5 {[%emt 0:00:07]} 27. Rc1 {[%emt 0:07:03]} Rxc1 {[%emt 0:06:15]} 28. Bxc1 {[%emt 0:00:07]} Kf8 {[%emt 0:06:17]} 29. g3 {[%emt 0:04:05]} Ke7 {[%emt 0:00:29]} 30. Kd4 {[%emt 0:02:05]} Kd7 {[%emt 0:00:42]} 31. Bd2 {[%emt 0:01:45]} Kc6 {[%emt 0:00:28]} 32. Be1 {[%emt 0:01:40]} Ne7 {[%emt 0:01:27]} 33. Bb4 {[%emt 0:03:42]} Nd5 {[%emt 0:03:32]} 34. Bd2 {[%emt 0:00:14]} b6 {[%emt 0:00:39]} 35. Be1 {[%emt 0:01:50]} Kb5 {[%emt 0:03:41]} 36. f3 {[%emt 0:01:18]} Ne7 {[%emt 0:01:32]} 37. g4 {[%emt 0:00:32]} Nc6+ {[%emt 0:01:30]} 38. Ke4 {[%emt 0:00:28]} g6 {[%emt 0:04:39]} 39. Bc3 {[%emt 0:00:43]} Ne7 {[%emt 0:01:27]} 40. a4+ {[%emt 0:00:30]} Kc5 {[%emt 0:00:12]} 41. Bd2 {[%emt 0:30:30]} Nd5 {[%emt 0:31:06]} 42. Be1 {[%emt 0:00:00]} Ne7 {[%emt 0:00:00]} 43. Kf4 {[%emt 0:00:00]} Kd4 {[%emt 0:00:00]} 44. Kg5 {[%emt 0:00:00]} Nc6 {[%emt 0:00:00]} 45. gxh5 {[%emt 0:00:00]} gxh5 {[%emt 0:00:00]} 46. Bg3 {[%emt 0:02:25]} Nxe5 {[%emt 0:00:00]} 47. Bxe5+ {[%emt 0:00:31]} Kxe5 {[%emt 0:00:00]} 48. b4 {[%emt 0:00:35]} a6 {[%emt 0:00:00]} 49. Kxh5 {[%emt 0:00:29]} Kf4 {[%emt 0:00:00]} 50. Kh6 {[%emt 0:00:07]} e5 {[%emt 0:00:00]} 51. h5 {[%emt 0:00:50]} Kxf3 {[%emt 0:00:00]} 1/2-1/2

[Event "2nd Tal Memorial IM 2019"]
[Site "Anogia"]
[Date "2019.09.17"]
[Round "7.5"]
[White "Sidiropoulos, Nikolaos"]
[Black "Peng, Li Min"]
[Result "0-1"]
[WhiteElo "2160"]
[BlackElo "2465"]
[Annotator "ChessBase"]
[PlyCount "83"]
[EventDate "2019.09.11"]
[EventType "tourn"]
[EventCountry "GRE"]
[SourceTitle "playchess.com"]
[Source "ChessBase"]
[SourceQuality "1"]
[TimeControl "40/5400+30:1800+30"]

1. d4 {[%emt 0:06:19]} e6 {[%emt 0:00:00]} 2. c4 {[%emt 0:00:06]} Nf6 {[%emt 0:00:00]} 3. Nc3 {[%emt 0:00:13]} c5 {[%emt 0:00:10]} 4. d5 {[%emt 0:00:08]} exd5 {[%emt 0:00:05]} 5. cxd5 {[%emt 0:00:04]} d6 {[%emt 0:00:03]} 6. e4 {[%emt 0:00:07]} g6 {[%emt 0:00:05]} 7. f4 {[%emt 0:00:22]} Bg7 {[%emt 0:00:05]} 8. Bb5+ {[%emt 0:00:08]} Nfd7 {[%emt 0:00:04]} 9. Bd3 {[%emt 0:00:43]} O-O {[%emt 0:00:24]} 10. Nf3 {[%emt 0:00:08]} Na6 {[%emt 0:01:18]} 11. a3 {[%emt 0:01:05]} Nc7 {[%emt 0:00:19]} 12. O-O {[%emt 0:00:34]} Rb8 {[%emt 0:01:27]} 13. a4 {[%emt 0:03:28]} Re8 {[%emt 0:07:17]} 14. Nd2 {[%emt 0:01:47]} Nf6 {[%emt 0:02:01]} 15. Nc4 {[%emt 0:01:20]} Ng4 {[%emt 0:01:38]} 16. e5 {[%emt 0:08:42]} dxe5 {[%emt 0:02:47]} 17. d6 {[%emt 0:02:03]} Na6 {[%emt 0:05:21]} 18. Be2 {[%emt 0:28:17]} h5 {[%emt 0:04:13]} 19. h3 {[%emt 0:19:07]} exf4 {[%emt 0:01:55]} 20. Bxf4 {[%emt 0:02:42]} Bd4+ {[%emt 0:04:28]} 21. Kh1 {[%emt 0:01:29]} Qh4 {[%emt 0:02:45]} 22. Bxg4 {[%emt 0:06:59]} hxg4 {[%emt 0:03:52]} 23. Qd2 {[%emt 0:03:41]} gxh3 {[%emt 0:06:25]} 24. g3 {[%emt 0:00:08]} Qh5 {[%emt 0:00:04]} 25. Rae1 {[%emt 0:01:48]} Bd7 {[%emt 0:00:36]} 26. Kh2 {[%emt 0:00:32]} Nb4 {[%emt 0:04:19]} 27. a5 {[%emt 0:05:44]} Rxe1 {[%emt 0:03:03]} 28. Rxe1 {[%emt 0:01:47]} Nc6 {[%emt 0:00:06]} 29. Ne4 {[%emt 0:02:10]} Re8 {[%emt 0:06:49]} 30. Qxd4 {[%emt 0:02:00]} Nxd4 {[%emt 0:00:02]} 31. Nf6+ {[%emt 0:00:07]} Kg7 {[%emt 0:00:04]} 32. Nxh5+ {[%emt 0:00:18]} gxh5 {[%emt 0:00:01]} 33. Rxe8 {[%emt 0:00:28]} Nf3+ {[%emt 0:00:02]} 34. Kh1 {[%emt 0:00:05]} Bxe8 {[%emt 0:00:02]} 35. Be3 {[%emt 0:02:15]} Bb5 {[%emt 0:00:27]} 36. b3 {[%emt 0:00:09]} b6 {[%emt 0:00:11]} 37. axb6 {[%emt 0:00:34]} axb6 {[%emt 0:00:01]} 38. d7 {[%emt 0:00:14]} Bxd7 {[%emt 0:00:01]} 39. Nxb6 {[%emt 0:00:03]} Bc6 {[%emt 0:09:06]} 40. Bxc5 {[%emt 0:00:00]} Nd2+ {[%emt 0:00:00]} 41. Kg1 {[%emt 0:02:16]} Nf1 {[%emt 0:01:32] Kh2 Nd2 Kg1 Bg2} 42. Bd6 0-1

[Event "2nd Tal Memorial IM 2019"]
[Site "Anogia"]
[Date "2019.09.18"]
[Round "8.4"]
[White "Lekic, Dusan"]
[Black "Grieve, Harry"]
[Result "1/2-1/2"]
[WhiteElo "2331"]
[BlackElo "2277"]
[Annotator "NA"]
[PlyCount "35"]
[EventDate "2019.09.11"]
[EventType "tourn"]
[EventCountry "GRE"]
[SourceTitle "playchess.com"]
[Source "ChessBase"]
[SourceQuality "1"]
[TimeControl "40/5400+30:1800+30"]

1. d4 {[%emt 0:00:00]} d5 {[%emt 0:00:00]} 2. c4 {[%emt 0:00:00]} e6 {[%emt 0:00:00]} 3. Nf3 {[%emt 0:00:00]} c6 {[%emt 0:00:00]} 4. e3 {[%emt 0:00:49]} Bd6 {[%emt 0:00:11]} 5. Bd3 {[%emt 0:00:20]} f5 {[%emt 0:00:08]} 6. O-O {[%emt 0:00:34]} Nf6 {[%emt 0:00:13]} 7. b3 {[%emt 0:00:24]} Qe7 {[%emt 0:00:11]} 8. Bb2 {[%emt 0:00:20]} O-O {[%emt 0:00:09]} 9. Nc3 {[%emt 0:01:29]} b6 {[%emt 0:01:19]} 10. Ne5 {[%emt 0:05:47]} Ne4 {[%emt 0:14:05]} 11. Ne2 {[%emt 0:01:53]} Bb7 {[%emt 0:01:05]} 12. Rc1 {[%emt 0:04:42]} Nd7 {[%emt 0:03:34]} 13. cxd5 {[%emt 0:06:19]} cxd5 {[%emt 0:01:15]} 14. f3 {[%emt 0:00:53]} Nec5 {[%emt 0:01:29]} 15. Bb1 {[%emt 0:06:52]} Rac8 {[%emt 0:03:37]} 16. b4 {[%emt 0:05:00]} Na6 {[%emt 0:04:23]} 17. a3 {[%emt 0:02:21]} Nab8 {[%emt 0:05:12]} 18. Qd3 {[%emt 0:09:40]} 1/2-1/2

[Event "2nd Tal Memorial IM 2019"]
[Site "Anogia"]
[Date "2019.09.18"]
[Round "8.5"]
[White "Bogdanov, Egor"]
[Black "Sokolovsky, Yahli"]
[Result "1-0"]
[WhiteElo "2422"]
[BlackElo "2239"]
[Annotator "NA"]
[PlyCount "69"]
[EventDate "2019.09.11"]
[EventType "tourn"]
[EventCountry "GRE"]
[SourceTitle "playchess.com"]
[Source "ChessBase"]
[SourceQuality "1"]
[TimeControl "40/5400+30:1800+30"]

1. e4 {[%emt 0:02:35]} c5 {[%emt 0:00:00]} 2. Nf3 {[%emt 0:00:14]} d6 {[%emt 0:00:06]} 3. d4 {[%emt 0:00:05]} cxd4 {[%emt 0:00:17]} 4. Nxd4 {[%emt 0:00:02]} Nf6 {[%emt 0:00:12]} 5. Nc3 {[%emt 0:00:03]} a6 {[%emt 0:00:17]} 6. Bg5 {[%emt 0:00:03]} Nbd7 {[%emt 0:00:47]} 7. f4 {[%emt 0:02:19]} Qc7 {[%emt 0:00:32]} 8. Qd2 {[%emt 0:09:20]} h6 {[%emt 0:10:32]} 9. Bh4 {[%emt 0:00:06]} e5 {[%emt 0:02:18]} 10. Nf5 {[%emt 0:02:39]} exf4 {[%emt 0:21:55]} 11. O-O-O {[%emt 0:00:17]} g5 {[%emt 0:03:28]} 12. Bf2 {[%emt 0:00:18]} b5 {[%emt 0:12:26]} 13. Qd4 {[%emt 0:09:06]} Rg8 {[%emt 0:10:12]} 14. a4 {[%emt 0:04:40]} b4 {[%emt 0:09:27]} 15. Qxb4 {[%emt 0:06:20]} d5 {[%emt 0:02:53]} 16. Qd4 {[%emt 0:00:27]} Bc5 {[%emt 0:01:10]} 17. Nxd5 {[%emt 0:01:17]} Nxd5 {[%emt 0:04:01]} 18. Qxd5 {[%emt 0:00:06]} Bb7 {[%emt 0:01:03]} 19. Qxd7+ {[%emt 0:02:14]} Qxd7 {[%emt 0:00:08]} 20. Rxd7 {[%emt 0:00:02]} Kxd7 {[%emt 0:01:32]} 21. Bxc5 {[%emt 0:00:11]} Bxe4 {[%emt 0:05:15]} 22. Nxh6 {[%emt 0:00:17]} Rgc8 {[%emt 0:02:09]} 23. b4 {[%emt 0:00:08]} a5 {[%emt 0:01:46]} 24. Bb5+ {[%emt 0:00:23]} Ke6 {[%emt 0:00:25]} 25. Bc4+ {[%emt 0:00:25]} Kf6 {[%emt 0:00:08]} 26. Re1 {[%emt 0:06:53]} axb4 {[%emt 0:05:43]} 27. Bd4+ {[%emt 0:00:54]} Kg6 {[%emt 0:00:07]} 28. Bxf7+ {[%emt 0:04:57]} Kxh6 {[%emt 0:00:02]} 29. Rxe4 {[%emt 0:00:01]} Rxa4 {[%emt 0:00:50]} 30. Re6+ {[%emt 0:00:31]} Kh7 {[%emt 0:00:01]} 31. Re7 {[%emt 0:00:50]} Kh6 {[%emt 0:00:41]} 32. Be6 {[%emt 0:00:26]} Rc6 {[%emt 0:02:08]} 33. Bd7 {[%emt 0:01:25]} Rxc2+ {[%emt 0:00:19]} 34. Kxc2 {[%emt 0:00:04]} b3+ {[%emt 0:00:03]} 35. Kd3 {[%emt 0:00:23]} 1-0

[Event "2nd Tal Memorial IM 2019"]
[Site "Anogia"]
[Date "2019.09.19"]
[Round "9.1"]
[White "Sokolovsky, Yahli"]
[Black "Goumas, Georgios"]
[Result "0-1"]
[WhiteElo "2239"]
[BlackElo "2417"]
[Annotator "TA"]
[PlyCount "106"]
[EventDate "2019.09.11"]
[EventType "tourn"]
[EventCountry "GRE"]
[SourceTitle "playchess.com"]
[Source "ChessBase"]
[SourceQuality "1"]

{[%evp 10,106,24,18,21,16,33,12,21,9,20,12,12,10,16,10,6,22,35,28,93,85,166,152,143,97,224,131,121,115,105,0,0,0,0,0,0,-79,-79,-47,0,0,0,-319,-319,-313,-306,-310,-312,-313,-309,-305,-305,-312,-300,-290,-290,-363,-356,-357,-280,-346,-346,-355,-337,-326,-320,-561,-549,-536,-527,-626,-604,-591,-571,-770,-752,-736,-731,-730,-721,-720,-713,-687,-676,-716,-686,-1024,-998,-1081,-1034,-1406,-1419,-1785,-1400,-2181,-1813,-1753,-1645]} 1. e4 c5 2. Nf3 Nc6 3. Bb5 g6 4. Bxc6 bxc6 5. O-O Bg7 6. Re1 Rb8 {B31: Sicilian: 2...Nc6 3 Bb5 g6} (6... Nh6 7. c3 O-O 8. h3 f5 9. e5 Nf7 10. d3 d6 11. Bf4 Ba6 12. Na3 Rb8 13. Qd2 dxe5 14. Nxe5 Nxe5 15. Bxe5 Bxe5 16. Rxe5 Qxd3 {1-0 (50) Amin,B (2686)-Guseinov,G (2667) Hoogeveen 2018}) 7. c3 Nf6 8. e5 Nd5 {The position is equal.} 9. c4 Nc7 10. d4 cxd4 11. Qxd4 Rb7 12. Qh4 Ne6 13. Nc3 h6 $146 ({Predecessor:} 13... d5 14. exd6 Qxd6 {½-½ (22) Punin,A (2259)-Sychevskyy,A (2315) Lvov 2016}) 14. Ne4 d5 (14... h5 $11 {keeps the balance.}) 15. exd6 $1 $16 g5 (15... exd6 $16 16. Qg3 O-O) 16. Qg3 $18 O-O {[#] next ...f5 is good for Black.} 17. h4 $1 {[%cal Rh4g5]} gxh4 (17... f6 $16 {keeps fighting.}) 18. Nxh4 (18. Qxh4 $18 exd6 19. Qg3) 18... f5 $16 19. Bxh6 fxe4 20. dxe7 (20. Bxg7 $16 {Bd4+ would kill now.} Nxg7 21. dxe7 Rxe7 22. Ng6 {[%mdl 64] Double Attack}) 20... Qxe7 $11 {Hoping for ...Qf6.} ({Reject} 20... Rxe7 $6 21. Ng6 $16) 21. Ng6 {[%mdl 64] Double Attack} Qf6 22. Nxf8 Nxf8 23. Bxg7 (23. Be3 $11) 23... Rxg7 $17 24. Qh2 Bg4 {Strongly threatening ...Bf3.} 25. Rxe4 Bf3 $36 {[%mdl 2048] Black is more active.} (25... Qxb2 $5 26. Qe5 $8 Qxe5 27. Rxe5 Bf3 $11) 26. Qf4 $2 {[%mdl 8192]} (26. Rf4 $1 $11 Qxb2 27. Rxf8+ Kxf8 28. Qd6+ Kf7 29. Qc7+ {[%mdl 64] Double Attack} Kg8 30. Qc8+ Kf7 31. Qc7+ {[%mdl 64] Double Attack} Kg6 32. Qg3+ {[%mdl 64] Double Attack} Kh6 33. Qf4+ Kh7 34. Qh4+ Kg6 35. Qg3+ Kh6 36. Qf4+ Kh7 37. Qh4+ Kg8 38. Qd8+ Kf7 39. Qc7+ {[%mdl 64] Double Attack}) 26... Rxg2+ $19 ({Much less strong is} 26... Qxb2 27. Qxf3 Qxa1+ 28. Kh2 $19) 27. Kf1 {[#]} Qg7 $1 {[%csl Gg7][%cal Rg2g1][%mdl 512]} 28. Qxf3 Rg1+ 29. Ke2 {And now Rxg1 would win.} Qxb2+ {[%mdl 64] Double Attack} ({And not} 29... Rxa1 30. Rg4 $11) 30. Kd3 Qa3+ 31. Ke2 Qxf3+ 32. Kxf3 Rxa1 {[%mdl 4096] Endgame KRN-KR} 33. Re2 Kf7 34. Ke4 Rd1 35. Rb2 Kf6 36. Rb7 Rd7 37. Rb8 Ne6 38. Rc8 $2 (38. Ke3) 38... Rd4+ {[%mdl 64] Double Attack. Black is clearly winning.} 39. Ke3 Rxc4 40. a4 a5 41. Kd3 Rc5 42. f3 Ke5 43. Re8 Kd5 44. Ra8 Kd6 45. Ke3 Re5+ 46. Kf2 Kc7 47. Kg3 Rg5+ 48. Kh4 Rf5 49. Kg3 Nd4 50. f4 Ne6 51. Ra7+ {[#]} Kb6 $1 52. Re7 Nxf4 53. Kg4 Rf8 {Accuracy: White = 48%, Black = 66%.} 0-1

[Event "2nd Tal Memorial IM 2019"]
[Site "Anogia"]
[Date "2019.09.19"]
[Round "9.4"]
[White "Sidiropoulos, Nikolaos"]
[Black "Katopodis, Dimitrios"]
[Result "0-1"]
[WhiteElo "2160"]
[BlackElo "2265"]
[Annotator "ChessBase"]
[PlyCount "74"]
[EventDate "2019.09.11"]
[EventType "tourn"]
[EventCountry "GRE"]
[SourceTitle "playchess.com"]
[Source "ChessBase"]
[SourceQuality "1"]
[TimeControl "40/5400+30:1800+30"]

1. d4 {[%emt 0:05:22]} Nf6 {[%emt 0:00:00]} 2. c4 {[%emt 0:00:06]} e6 {[%emt 0:01:04]} 3. Nc3 {[%emt 0:00:08]} d5 {[%emt 0:03:19]} 4. cxd5 {[%emt 0:00:21]} Nxd5 {[%emt 0:00:12]} 5. e4 {[%emt 0:00:09]} Nxc3 {[%emt 0:00:05]} 6. bxc3 {[%emt 0:00:05]} c5 {[%emt 0:00:06]} 7. Nf3 {[%emt 0:00:06]} cxd4 {[%emt 0:00:04]} 8. cxd4 {[%emt 0:00:05]} Bb4+ {[%emt 0:00:04]} 9. Bd2 {[%emt 0:00:07]} Bxd2+ {[%emt 0:00:08]} 10. Qxd2 {[%emt 0:00:05]} O-O {[%emt 0:00:08]} 11. Bc4 {[%emt 0:06:23]} Nc6 {[%emt 0:00:35]} 12. O-O {[%emt 0:00:28]} b6 {[%emt 0:00:08]} 13. Rac1 {[%emt 0:05:50]} Na5 {[%emt 0:00:56]} 14. Rfd1 {[%emt 0:13:00]} Bb7 {[%emt 0:02:06]} 15. d5 {[%emt 0:04:02]} Nxc4 {[%emt 0:02:13]} 16. Rxc4 {[%emt 0:04:18]} exd5 {[%emt 0:00:26]} 17. exd5 {[%emt 0:00:24]} Qd6 {[%emt 0:00:17]} 18. Qg5 {[%emt 0:13:15]} h6 {[%emt 0:09:09]} 19. Qh5 {[%emt 0:00:52]} Rad8 {[%emt 0:00:57]} 20. Nh4 {[%emt 0:03:00]} Qf6 {[%emt 0:02:11]} 21. h3 {[%emt 0:03:21]} Rfe8 {[%emt 0:03:17]} 22. Nf3 {[%emt 0:12:09]} Rd7 {[%emt 0:05:47]} 23. Rcd4 {[%emt 0:10:43]} Red8 {[%emt 0:01:59]} 24. R1d3 {[%emt 0:02:27]} Rd6 {[%emt 0:05:30]} 25. a3 {[%emt 0:08:28]} Qg6 {[%emt 0:05:15]} 26. Qxg6 {[%emt 0:01:53]} fxg6 {[%emt 0:01:16]} 27. Ne5 {[%emt 0:03:18]} g5 {[%emt 0:02:15]} 28. Nc4 {[%emt 0:02:20]} Rxd5 {[%emt 0:00:19]} 29. Rxd5 {[%emt 0:00:02]} Rxd5 {[%emt 0:00:11]} 30. Re3 {[%emt 0:00:22]} Ba6 {[%emt 0:02:58]} 31. Ne5 {[%emt 0:00:16]} Bb5 {[%emt 0:00:51]} 32. Ng6 {[%emt 0:00:44]} Rd6 {[%emt 0:04:11]} 33. Ne7+ {[%emt 0:00:14]} Kf7 {[%emt 0:00:08]} 34. Re5 {[%emt 0:01:25]} Bd3 {[%emt 0:03:24]} 35. Nd5 {[%emt 0:01:10]} Re6 {[%emt 0:00:55]} 36. f4 {[%emt 0:00:11]} Rxe5 {[%emt 0:00:21]} 37. fxe5 {[%emt 0:00:06]} Ke6 {[%emt 0:00:11]} 0-1

[Event "2nd Tal Memorial IM 2019"]
[Site "Anogia"]
[Date "2019.09.19"]
[Round "9.5"]
[White "Peng, Li Min"]
[Black "Logothetis, Sotirios"]
[Result "1-0"]
[WhiteElo "2465"]
[BlackElo "2167"]
[Annotator "TA"]
[PlyCount "53"]
[EventDate "2019.09.11"]
[EventType "tourn"]
[EventCountry "GRE"]
[SourceTitle "playchess.com"]
[Source "ChessBase"]
[SourceQuality "1"]

{[%evp 10,53,52,0,23,0,0,-6,0,-3,0,-27,-22,-19,-11,-72,-29,-66,32,22,46,36,36,35,65,57,63,27,29,33,48,41,34,8,26,0,380,365,492,466,411,413,422,422,481,388]} 1. e4 c6 2. d4 d5 3. e5 Bf5 4. h4 h6 5. g4 Bd7 6. h5 (6. Nc3 $14) 6... e6 {B12: Caro-Kann: Advance Variation} (6... c5 7. c3 Nc6 8. Na3 e6 9. Nc2 Qb6 10. f4 cxd4 11. cxd4 Nb4 12. Nf3 Nxc2+ 13. Qxc2 Rc8 14. Qd3 {0-1 (54) Inarkiev,E (2682)-Riazantsev,A (2692) Dubai 2014}) 7. Nd2 c5 8. dxc5 Bxc5 $146 {The position is equal.} ({Predecessor:} 8... Nc6 9. f4 Bxc5 10. Ngf3 a6 11. Nb3 Ba7 12. c3 Nge7 13. Bd3 Na5 14. Nbd4 {½-½ (46) Terao,J (2290)-Heinrichs,V (1985) Rio de Janeiro 2017}) 9. Nb3 Bb6 10. f4 Nc6 11. Nf3 Nge7 12. c3 (12. a4 $11) 12... Qc7 13. Bd3 a6 (13... f6 $1 $15 14. Qe2 O-O 15. exf6 Rxf6) 14. Qe2 $14 f6 15. Be3 $1 Bxe3 16. Qxe3 fxe5 17. fxe5 Rf8 18. O-O O-O-O 19. Rae1 Rf7 20. Nfd4 Rxf1+ 21. Bxf1 (21. Kxf1 {is interesting.} Na5 22. Qf4 Nxb3 23. Nxb3 Nc6 24. Kg2) 21... Rf8 22. Nc5 (22. Bd3 {seems wilder.} Nxd4 23. cxd4 Nc6 24. Kg2 Qb6 25. Be2) 22... Nxe5 $2 {[%mdl 8192]} (22... Nxd4 $11 23. cxd4 Nc6) 23. Ncxe6 $18 Bxe6 24. Nxe6 ({Weaker is} 24. Qxe5 Qxe5 25. Rxe5 Bxg4 $18) 24... Nxg4 {[%csl Gg4][%cal Rc7h2] [#]} 25. Nxc7 Nxe3 26. Rxe3 Nf5 27. Bh3 {Accuracy: White = 54%, Black = 34%.} 1-0